header

Flames, lasers, and reactive systems (Record no. 121196)

MARC details
000 -LEADER
fixed length control field 01871nam a2200397 a 4500
082 04 - DEWEY DECIMAL CLASSIFICATION NUMBER
Classification number 629.1 s
-- 621.402/3
245 10 - TITLE STATEMENT
Title Flames, lasers, and reactive systems
260 ## - PUBLICATION, DISTRIBUTION, ETC. (IMPRINT)
Place of publication New York, N.Y. :
Name of publisher American Institute of Aeronautics and Astronautics, Inc.,
Year of publication c1983.
300 ## - PHYSICAL DESCRIPTION
Number of Pages xxiv, 436 p. :
Other physical details ill.
490 1# - SERIES STATEMENT
Series statement Progress in astronautics and aeronautics ;
500 ## - GENERAL NOTE
General note Companion vol. to the colloquium's Shock waves, explosions, and detonations.
General note "Technical papers selected from the eighth International Colloquium on Gasdynamics of Explosions and Reactive Systems, Minsk, USSR, August 1981, and subsequently revised for this volume."
650 #0 - SUBJECT ADDED ENTRY--TOPICAL TERM
Topical Term Flame
Topical Term Lasers
Topical Term Explosions
700 1# - ADDED ENTRY--PERSONAL NAME
Personal name Bowen, J. R.
856 40 - ELECTRONIC LOCATION AND ACCESS
Uniform Resource Identifier http://site.ebrary.com/lib/rucke/Doc?id=10516663

No items available.

© 2026 Rongo University
Contact us: librarian | system librarian | Rongo university